[Event "Petroupoli ASOP Dias Seniors op"]
[Site "Petroupoli"]
[Date "2013.10.12"]
[Round "3.1"]
[White "Pahidis, Konstantinos"]
[Black "Grapsas, Panagiotis"]
[Result "0-1"]
[WhiteElo "1866"]
[BlackElo "1488"]
[PlyCount "100"]
[EventDate "2013.09.28"]
[EventType "swiss"]
[EventRounds "7"]
[EventCountry "GRE"]
[SourceTitle "EXT 2024"]
[Source "ChessBase"]
[SourceDate "2023.10.10"]
[SourceVersion "1"]
[SourceVersionDate "2023.10.10"]
[SourceQuality "1"]

1. e4 c5 2. Nf3 d6 3. Bc4 e6 4. 0-0 Nc6 5. d4 cxd4 6. Nxd4 Nf6 7. Nc3 a6 8. Be3 Be7 9. a4 0-0 10. h3 Qc7 11. Bb3 Na5 12. g4 Nxb3 13. cxb3 d5 14. Rc1 Qd6 15. Qc2 e5 16. Ndb5 axb5 17. Nxb5 Qd7 18. Nc7 Nxg4 19. Nxa8 Nxe3 20. fxe3 Qxh3 21. Qf2 Bg4 22. Nb6 Bh4 23. Qg2 Qxe3+ 24. Kh2 Qh6 25. Qxg4 Bg5+ 26. Kg2 Bxc1 27. Nd7 Bf4 28. Nxf8 dxe4 29. Rxf4 exf4 30. Qc8 f3+ 31. Kf2 Qd2+ 32. Kg3 Qg2+ 33. Kf4 g5+ 34. Ke5 Qxb2+ 35. Kf5 Kg7 36. Nd7 Kh6 37. Qg8 Qg7 38. Qc8 f2 39. Qc1 Qg6+ 40. Kg4 Qe6+ 41. Kg3 Qxd7 42. Qh1+ Kg7 43. Qa1+ f6 44. Kxf2 Qf5+ 45. Ke1 e3 46. Qb2 Qf2+ 47. Qxf2 exf2+ 48. Kxf2 Kf7 49. Ke3 Ke6 50. b4 Kd5 0-1

[Event "Petroupoli ASOP Dias Seniors op"]
[Site "Petroupoli"]
[Date "2012.11.03"]
[Round "1.14"]
[White "Grapsas, Panagiotis"]
[Black "Kontoulis, Konstantinos"]
[Result "1-0"]
[WhiteElo "1516"]
[BlackElo "1255"]
[PlyCount "77"]
[EventDate "2012.11.03"]
[EventType "swiss"]
[EventRounds "7"]
[EventCountry "GRE"]
[SourceTitle "EXT 2024"]
[Source "ChessBase"]
[SourceDate "2023.10.10"]
[SourceVersion "1"]
[SourceVersionDate "2023.10.10"]
[SourceQuality "1"]

1. e4 d5 2. exd5 Qxd5 3. Nc3 Qa5 4. Nf3 Nf6 5. Bc4 Bf5 6. 0-0 e6 7. d4 c6 8. Bd2 Nbd7 9. Re1 Bb4 10. a3 Bxc3 11. Bxc3 Qc7 12. Qe2 0-0 13. Rad1 Rad8 14. Bb3 Nb6 15. Ba5 Nfd5 16. c4 Nf4 17. Qe5 Qxe5 18. Nxe5 f6 19. Nf3 Rd7 20. Nh4 Nd3 21. Nxf5 Nxe1 22. c5 Nd5 23. Nd6 Nxg2 24. Kxg2 b6 25. Bd2 bxc5 26. dxc5 Nc7 27. Bc4 Kh8 28. a4 Ne8 29. Bxe6 Re7 30. Ba2 Nxd6 31. cxd6 Rd7 32. Bf4 g5 33. Bg3 h5 34. h4 Rb8 35. Be6 Rdd8 36. d7 Rb7 37. hxg5 fxg5 38. Be5+ Kh7 39. Bf6 1-0

[Event "Petroupoli op 10th"]
[Site "Petroupoli"]
[Date "2012.10.27"]
[Round "7"]
[White "Mihotas, Petros"]
[Black "Grapsas, Panagiotis"]
[Result "1-0"]
[WhiteElo "1872"]
[BlackElo "1528"]
[PlyCount "101"]
[EventDate "2012.10.06"]
[EventType "swiss"]
[EventRounds "7"]
[EventCountry "GRE"]
[SourceTitle "EXT 2013"]
[Source "ChessBase"]
[SourceDate "2012.11.22"]
[SourceVersion "1"]
[SourceVersionDate "2012.11.22"]
[SourceQuality "1"]

1. e4 c5 2. Nc3 d6 3. Nf3 Nc6 4. d4 cxd4 5. Nxd4 Nf6 6. f3 e6 7. Be3 Be7 8. Bc4 a6 9. Qd2 Qc7 10. Bb3 0-0 11. 0-0-0 Na5 12. g4 Nxb3+ 13. Nxb3 b5 14. g5 Nd7 15. Bf4 Ne5 16. Bxe5 dxe5 17. h4 Bb7 18. Qd7 Rfc8 19. Na5 b4 20. Nxb7 bxc3 21. b3 Ba3+ 22. Kb1 a5 23. Qxc7 Rxc7 24. Nd6 Rb8 25. Rd3 a4 26. Rhd1 axb3 27. axb3 Kf8 28. Nc4 Rxc4 29. Rd8+ Rxd8 30. Rxd8+ Ke7 31. Ra8 Rd4 32. Rxa3 f5 33. gxf6+ Kxf6 34. Kc1 Rb4 35. Kd1 Rd4+ 36. Kc1 Rb4 37. Ra7 h5 38. Rc7 g5 39. hxg5+ Kxg5 40. Rxc3 Kf4 41. Kd2 Rd4+ 42. Ke2 h4 43. Rd3 h3 44. Kf2 Rb4 45. Rd8 Rd4 46. Rxd4 exd4 47. b4 Ke5 48. Kg3 Kd6 49. f4 Kc6 50. f5 exf5 51. exf5 1-0

[Event "Petroupoli op 10th"]
[Site "Petroupoli"]
[Date "2012.10.10"]
[Round "2"]
[White "Grapsas, Panagiotis"]
[Black "Kazalis, Manos"]
[Result "0-1"]
[WhiteElo "1528"]
[BlackElo "1344"]
[PlyCount "72"]
[EventDate "2012.10.06"]
[EventType "swiss"]
[EventRounds "7"]
[EventCountry "GRE"]
[SourceTitle "EXT 2013"]
[Source "ChessBase"]
[SourceDate "2012.11.22"]
[SourceVersion "1"]
[SourceVersionDate "2012.11.22"]
[SourceQuality "1"]

1. e4 e5 2. Nf3 Nc6 3. Bc4 Bc5 4. c3 Nf6 5. d4 exd4 6. cxd4 Bb4+ 7. Nc3 Nxe4 8. 0-0 Bxc3 9. bxc3 d5 10. Bd3 Bg4 11. h3 Bh5 12. g4 Bg6 13. Re1 Qd7 14. Nh4 0-0-0 15. Nxg6 hxg6 16. Qf3 f5 17. Bf4 Rh4 18. gxf5 Qxf5 19. Bxe4 dxe4 20. Rxe4 g5 21. d5 Qxd5 22. Bxg5 Qxe4 23. Qg3 Rdh8 24. Bxh4 Qxh4 25. Kh2 b5 26. Qe3 a6 27. a4 Ne5 28. Rg1 Ng4+ 29. Rxg4 Qxg4 30. a5 Rh4 31. Qg3 Qxg3+ 32. fxg3 Rc4 33. h4 Rxc3 34. Kh3 Rc5 35. g4 b4 36. g5 Rxg5 0-1

[Event "Petroupoli op 5th"]
[Site "Petroupoli"]
[Date "2012.09.26"]
[Round "6"]
[White "Grapsas, Panagiotis"]
[Black "Bellos, Evangelos"]
[Result "0-1"]
[WhiteElo "1535"]
[BlackElo "1682"]
[PlyCount "84"]
[EventDate "2012.09.08"]
[EventType "swiss"]
[EventRounds "7"]
[EventCountry "GRE"]
[SourceTitle "CBM 150 Extra"]
[Source "ChessBase"]
[SourceDate "2012.10.19"]
[SourceVersion "1"]
[SourceVersionDate "2012.10.19"]
[SourceQuality "1"]

1. e4 Nf6 2. e5 Nd5 3. d4 d6 4. c4 Nb6 5. f4 g6 6. Nc3 Bg7 7. Nf3 0-0 8. Be2 Be6 9. b3 dxe5 10. fxe5 c5 11. d5 Bg4 12. Bf4 N8d7 13. Ne4 Bxf3 14. Bxf3 Nxe5 15. Rb1 Nxf3+ 16. Qxf3 Rc8 17. 0-0 Nd7 18. Kh1 Nf6 19. Rbd1 Nxe4 20. Qxe4 Bd4 21. Bh6 Re8 22. Qf4 f6 23. Rxd4 cxd4 24. Qxd4 Qa5 25. d6 exd6 26. Qxf6 Qc7 27. h4 Qe7 28. Qf2 Rc5 29. g4 Qe4+ 30. Kh2 Qe2 31. Kg3 Qe3+ 32. Qf3 Qxf3+ 33. Rxf3 Rce5 34. g5 Re3 35. a4 Rxf3+ 36. Kxf3 Kf7 37. b4 Rc8 38. c5 dxc5 39. b5 c4 40. Ke2 c3 41. Kd1 Rc4 42. h5 Rxa4 0-1

[Event "Petroupoli op 5th"]
[Site "Petroupoli"]
[Date "2012.09.19"]
[Round "4"]
[White "Alexiadis, Christos"]
[Black "Grapsas, Panagiotis"]
[Result "1-0"]
[WhiteElo "1795"]
[BlackElo "1535"]
[PlyCount "99"]
[EventDate "2012.09.08"]
[EventType "swiss"]
[EventRounds "7"]
[EventCountry "GRE"]
[SourceTitle "CBM 150 Extra"]
[Source "ChessBase"]
[SourceDate "2012.10.19"]
[SourceVersion "1"]
[SourceVersionDate "2012.10.19"]
[SourceQuality "1"]

1. e4 c5 2. Nf3 d6 3. d4 cxd4 4. Nxd4 Nf6 5. Nc3 a6 6. Bg5 e6 7. Qe2 Be7 8. f4 e5 9. Nf3 Nc6 10. 0-0-0 0-0 11. fxe5 Nxe5 12. Nxe5 Qa5 13. Bxf6 Bxf6 14. Rd5 b5 15. Nc4 Qc7 16. Nd2 Be6 17. Rd3 Rfc8 18. Qd1 Qa5 19. Nb3 Bxb3 20. axb3 Qa1+ 21. Kd2 Qxb2 22. Nd5 Bg5+ 23. Ne3 Rc6 24. h4 Bh6 25. g4 Bf4 26. Ke2 Bxe3 27. Kxe3 Qxc2 28. Qxc2 Rxc2 29. Rxd6 Rc3+ 30. Rd3 Rac8 31. Rxc3 Rxc3+ 32. Bd3 Rxb3 33. Ra1 h6 34. Rxa6 Kf8 35. Rb6 b4 36. Kd4 Rb2 37. Rb8+ Ke7 38. Rb7+ Kf8 39. Bc4 f6 40. Rf7+ Ke8 41. Rxg7 Rd2+ 42. Kc5 Rb2 43. Kd6 Rd2+ 44. Bd5 Rxd5+ 45. exd5 b3 46. Ke6 Kf8 47. Rb7 h5 48. Kxf6 Ke8 49. Ke6 Kf8 50. d6 1-0

[Event "Petroupoli op"]
[Site "Petroupoli"]
[Date "2012.02.04"]
[Round "7"]
[White "Katopodis, Ioannis"]
[Black "Grapsas, Panagiotis"]
[Result "1-0"]
[WhiteElo "1613"]
[BlackElo "1499"]
[PlyCount "69"]
[EventDate "2012.01.14"]
[EventType "swiss"]
[EventRounds "7"]
[EventCountry "GRE"]
[SourceTitle "EXT 2013"]
[Source "ChessBase"]
[SourceDate "2012.11.22"]
[SourceVersion "1"]
[SourceVersionDate "2012.11.22"]
[SourceQuality "1"]

1. c4 Nf6 2. g3 e6 3. Bg2 d6 4. Nc3 Be7 5. Nf3 Nbd7 6. d4 0-0 7. 0-0 Rb8 8. b3 c5 9. Qc2 a6 10. Rd1 Qc7 11. Bb2 b5 12. cxb5 axb5 13. dxc5 Nxc5 14. Rac1 b4 15. Na4 Bb7 16. Nxc5 dxc5 17. Be5 Qc6 18. Bxb8 Rxb8 19. Ne1 Nd5 20. Nd3 Rc8 21. Nf4 Rd8 22. e3 Qb5 23. Qc4 Qd7 24. e4 g5 25. Ne2 g4 26. Nf4 Nxf4 27. Rxd7 Rxd7 28. gxf4 Rd4 29. Qb5 Bxe4 30. Bxe4 Rxe4 31. Qe8+ Bf8 32. Rxc5 Kg7 33. Rg5+ Kf6 34. Qd8+ Be7 35. Qh8# 1-0

[Event "Petroupoli op 7th"]
[Site "Petroupoli"]
[Date "2011.12.03"]
[Round "7"]
[White "Grapsas, Panagiotis"]
[Black "Koutsounis, Vasilios"]
[Result "1-0"]
[WhiteElo "1479"]
[BlackElo "1444"]
[PlyCount "103"]
[EventDate "2011.11.12"]
[EventType "swiss"]
[EventRounds "7"]
[EventCountry "GRE"]
[SourceTitle "EXT 2013"]
[Source "ChessBase"]
[SourceDate "2012.11.22"]
[SourceVersion "1"]
[SourceVersionDate "2012.11.22"]
[SourceQuality "1"]

1. e4 c5 2. c3 d6 3. d4 cxd4 4. cxd4 Nf6 5. Nc3 a6 6. Nf3 Nc6 7. d5 Ne5 8. Nxe5 dxe5 9. Be2 b5 10. 0-0 e6 11. dxe6 Bxe6 12. Qxd8+ Rxd8 13. Bg5 Be7 14. a4 Bc4 15. Bxc4 bxc4 16. Bxf6 Bxf6 17. Nd5 Rd6 18. Nc7+ Ke7 19. Nd5+ Ke8 20. Rfd1 Rc6 21. Rac1 Bg5 22. Rc3 Bd8 23. b3 Ba5 24. Rxc4 Rxc4 25. bxc4 Kd7 26. g3 Rb8 27. c5 Kc6 28. Rc1 Bb4 29. Nb6 a5 30. Nc4 f6 31. Kg2 Ra8 32. f4 Kxc5 33. Nxe5+ Kd4 34. Rc4+ Ke3 35. Nc6 Kd3 36. Rd4+ Kc3 37. Rd8 Rxd8 38. Nxd8 Kd4 39. Kf3 g6 40. Nc6+ Kc5 41. Nxb4 axb4 42. Ke3 b3 43. Kd2 b2 44. Kc2 Kd4 45. a5 Kc5 46. e5 b1Q+ 47. Kxb1 fxe5 48. fxe5 Kd5 49. a6 Kxe5 50. a7 Kf5 51. a8Q Kg4 52. Qg8 1-0

[Event "Petroupoli op 7th"]
[Site "Petroupoli"]
[Date "2011.11.26"]
[Round "5"]
[White "Grapsas, Panagiotis"]
[Black "Fili, Anastasia"]
[Result "0-1"]
[WhiteElo "1479"]
[BlackElo "1702"]
[PlyCount "52"]
[EventDate "2011.11.12"]
[EventType "swiss"]
[EventRounds "7"]
[EventCountry "GRE"]
[SourceTitle "EXT 2013"]
[Source "ChessBase"]
[SourceDate "2012.11.22"]
[SourceVersion "1"]
[SourceVersionDate "2012.11.22"]
[SourceQuality "1"]

1. e4 c5 2. Nf3 e6 3. d4 cxd4 4. Nxd4 Nf6 5. Bg5 Be7 6. Nc3 Qa5 7. Qd2 a6 8. f4 Bb4 9. Bxf6 gxf6 10. Nb3 Qc7 11. 0-0-0 Nc6 12. g3 b5 13. a3 Be7 14. Bxb5 axb5 15. Nxb5 Qb6 16. Nd6+ Kf8 17. f5 Ne5 18. Qh6+ Kg8 19. Nxc8 Rxc8 20. g4 Qxb3 21. Qd2 Bxa3 22. c3 Rxc3+ 23. Kb1 Rd3 24. Qe2 Kg7 25. h4 Rb8 26. Rxd3 Qxd3+ 0-1

[Event "Petroupoli op 6th"]
[Site "Petroupoli"]
[Date "2011.10.29"]
[Round "5"]
[White "Alexiadis, Christos"]
[Black "Grapsas, Panagiotis"]
[Result "1-0"]
[WhiteElo "1624"]
[BlackElo "1473"]
[PlyCount "91"]
[EventDate "2011.10.15"]
[EventType "swiss"]
[EventRounds "7"]
[EventCountry "GRE"]
[SourceTitle "EXT 2013"]
[Source "ChessBase"]
[SourceDate "2012.11.22"]
[SourceVersion "1"]
[SourceVersionDate "2012.11.22"]
[SourceQuality "1"]

1. e4 c5 2. Nf3 d6 3. d4 cxd4 4. Nxd4 Nf6 5. Nc3 a6 6. f3 e6 7. Be3 Be7 8. Qd2 Qc7 9. g4 0-0 10. 0-0-0 Nbd7 11. h4 b5 12. h5 Bb7 13. g5 Ne8 14. g6 Nef6 15. h6 Ne5 16. gxh7+ Kh8 17. hxg7+ Kxg7 18. h8Q+ Rxh8 19. Qg2+ Ng6 20. Rg1 Qc8 21. Bd3 Kf8 22. e5 Nxe5 23. Qg7+ Ke8 24. Qxh8+ Kd7 25. Qxc8+ Rxc8 26. f4 Neg4 27. Bd2 Nf2 28. Be2 Nxd1 29. Rxd1 b4 30. Na4 Nd5 31. Bf3 Rc4 32. Bxd5 exd5 33. Nb6+ Kd8 34. Nxc4 dxc4 35. Bxb4 Kd7 36. Nf5 Bf3 37. Nxe7 Bxd1 38. Kxd1 Kxe7 39. Ke2 Ke6 40. Ke3 d5 41. c3 Kf5 42. Kd4 Ke6 43. f5+ Kxf5 44. Kxd5 Kg4 45. Kxc4 f5 46. Bc5 1-0

[Event "Petroupoli op 6th"]
[Site "Petroupoli"]
[Date "2011.10.26"]
[Round "4"]
[White "Grapsas, Panagiotis"]
[Black "Mantzakouras, Loukas"]
[Result "1-0"]
[WhiteElo "1473"]
[BlackElo "1015"]
[PlyCount "75"]
[EventDate "2011.10.15"]
[EventType "swiss"]
[EventRounds "7"]
[EventCountry "GRE"]
[SourceTitle "EXT 2013"]
[Source "ChessBase"]
[SourceDate "2012.11.22"]
[SourceVersion "1"]
[SourceVersionDate "2012.11.22"]
[SourceQuality "1"]

1. d4 d5 2. c4 e6 3. Nc3 Nf6 4. Bg5 c6 5. cxd5 exd5 6. e4 Qb6 7. a3 Nxe4 8. Na4 Qc7 9. Qe2 Be6 10. Qe3 Nxg5 11. Qxg5 Qe7 12. Qe3 Bf5 13. Nc5 Qxe3+ 14. fxe3 Bxc5 15. dxc5 Nd7 16. b4 a5 17. Rc1 0-0 18. b5 Ne5 19. bxc6 bxc6 20. Nf3 Ng4 21. Nd4 Bd7 22. Kd2 Rfe8 23. Nc2 Re5 24. h3 Nf6 25. Bd3 Ne4+ 26. Bxe4 dxe4 27. Nd4 a4 28. Rc3 Ra5 29. Rb1 g5 30. Rb7 Rd5 31. Rb8+ Kg7 32. Rb7 Be8 33. Kc2 Raxc5 34. Ne6+ Kf6 35. Nxc5 h5 36. Nxe4+ Kg6 37. Re7 Rd8 38. Nf2 1-0